000 01010nam0a22002411 4500
001 rc\842398
005 20041129092320.1
035 _a(NLR Aleph) 006023668
090 _a7454538
_c7454538
100 _a20041129d1983 u |0rusy50 ca
101 0 _arus
102 _aRU
105 _ay |||||||||
200 1 _aМетодические рекомендации по профилактике гриппа
_fМ-во здравоохранения УзССР, Респ. Дом сан. просвещения, ЦК О-ва Красного Полумесяца Узбекистана
_g[Сост. М.К. Усманов и др.]
210 _aТашкент
_cМедицина
_d1983
215 _a15 с.
_d20
702 1 _aУсманов
_bМ. К.
_gМарат Курбанович
_4220
712 0 2 _aУзбекский респ. дом санитарного просвещения
_cТашкент
801 0 _aRU
_bNLR
_gpsbo
801 1 _aRU
_bELAR
_2rusmarc
852 _aNLR
_j84-4/4242
942 _cBOOK
980 _aNB